| 000 | 01077cam a22003254a 4500 | ||
|---|---|---|---|
| 001 | 16570640 | ||
| 003 | OSt | ||
| 005 | 20140310182048.0 | ||
| 008 | 101207s2009 ilu 000 0 eng | ||
| 010 | _a 2010284036 | ||
| 020 | _a0842333088 | ||
| 040 |
_aDLC _cDLC |
||
| 042 | _apcc | ||
| 050 | 0 | 0 |
_aBV 4531.3 _b.T722 1999 |
| 082 | 0 | 0 |
_aHS 242.644 _bT64 1999 |
| 100 | 1 |
_aBeers, Ronald A. _911803 |
|
| 245 | 1 | 0 |
_aTouchPoints for students : _bGod's answers for your daily needs / |
| 260 |
_aCarol Stream, IL : _bTyndale House Pub., _cc1999. |
||
| 300 |
_a312 p. : _c16 cm. |
||
| 490 | 0 | _aTouchPoints series | |
| 650 | 0 |
_aStudents _xReligious life _vMiscellanea. _911804 |
|
| 650 | 0 |
_aChristian teenagers _xReligious life _vMiscellanea. _911805 |
|
| 650 | 0 |
_aYouth _xReligious life _vMiscellanea. _911806 |
|
| 650 | 0 |
_aChristian life _xBiblical teaching _vMiscellanea. _911807 |
|
| 700 | 1 |
_aMason, Amy E. _911808 |
|
| 906 |
_a7 _bcbc _corigres _d2 _encip _f20 _gy-gencatlg |
||
| 942 |
_2lcc _cHS |
||
| 999 |
_c8916 _d8916 |
||